| 000 | 00678nam a22002297a 4500 | ||
|---|---|---|---|
| 008 | |||
| 020 | _a0412634805 (pbk) | ||
| 049 | _aMAIN | ||
| 090 | _aTS145 | ||
| 245 | 0 | 0 |
_aManufacturing strategy : _bprocess and content / _cedited by Christopher A. Voss. |
| 260 |
_aLondon : _bChapman & Hall, _c1992. |
||
| 300 |
_axiii, 402 p. : _bill. ; _c24 cm |
||
| 650 | 0 |
_aManufactures _xManagement. |
|
| 650 | 0 | _aManufacturing processes. | |
| 650 | 0 | _aStrategic planning. | |
| 700 | 1 | _aVoss, Christopher. | |
| 907 |
_a.b10069793 _b16-09-05 _c17-04-03 |
||
| 003 | |||
| 005 | 20230123133839.0 | ||
| 040 | _cNUST | ||
| 942 |
_cBOOKS _kTS145 |
||
| 999 |
_c155647 _d155647 |
||